Things That Start With 'A' - Statistics

General Stats
  • This quiz has been taken 50 times
  • The average score is 11 of 16
Answer Stats
Picture Answer % Correct
Apple
100%
Ant
96%
Africa
93%
Afro
89%
Astronaut
85%
Abdominal Muscles
83%
Alpaca
80%
Aquaman
76%
Angel
74%
Anaconda
67%
Afghanistan
65%
Apartment
61%
Alien
52%
Android
46%
Accounting
20%
Astros
2%
No matching quizzes found
Score Distribution
Percent of People with Each Score
Percentile by Number Answered
Your Score History
You have not taken this quiz